| 000 | 00684nam a2200253Ia 4500 | ||
|---|---|---|---|
| 008 | 180523s9999 xx 000 0 und d | ||
| 020 | _a978-0-07-131410-7 | ||
| 050 | _aMAIN HD 31 | ||
| 050 | _b.N53 2010 | ||
| 100 | _aNickels, William G. | ||
| 245 | 0 | _aUnderstanding business / | |
| 245 | 0 | _cWilliam G. Nickels, James M. McHugh, Susan M. McHugh. | |
| 250 | _a9th Edition | ||
| 260 | _aCanada : | ||
| 260 | _bMcGraw-Hill, | ||
| 260 | _c2010 | ||
| 300 | _a569 pages : | ||
| 300 | _bcolored illustrations ; | ||
| 300 | _c27 cm. | ||
| 500 | _aIncludes index. | ||
| 650 | _aBusiness -- Vocational guidance. | ||
| 650 | _aIndustrial management. | ||
| 650 | _xBusiness. | ||
| 999 |
_c356858 _d356858 |
||